Teams that won the FIFA World Cup by Year - Statistics

General Stats
  • This quiz has been taken 30 times
  • The average score is 20 of 22
Answer Stats
Year Country % Correct
1958 Brazil
100%
1970 Brazil
100%
1930 Uruguay
100%
2022 Argentina
96%
1962 Brazil
96%
1994 Brazil
96%
2002 Brazil
96%
2018 France
96%
2014 Germany
96%
1934 Italy
96%
2006 Italy
96%
1998 France
93%
2010 Spain
93%
1978 Argentina
89%
1986 Argentina
89%
1966 England
89%
1938 Italy
89%
1982 Italy
89%
1950 Uruguay
89%
1954 West Germany
70%
1974 West Germany
70%
1990 West Germany
67%
No matching quizzes found
Score Distribution
Percent of People with Each Score
Percentile by Number Answered
Your Score History
You have not taken this quiz